[Event "36th Zalakaros Festival 2017"]
[Site "Zalakaros"]
[Date "2017.05.26"]
[Round "9"]
[White "Shvayger, Yuliya"]
[Black "Paszewski, Mateusz"]
[Result "1-0"]
[WhiteElo "2423"]
[BlackElo "2327"]
[Annotator "TA"]
[PlyCount "131"]
[EventDate "2017.??.??"]
[EventType "swiss"]
[EventCountry "HUN"]
[SourceTitle "playchess.com"]
[Source "ChessBase"]
[SourceQuality "1"]

{[%evp 23,131,60,74,11,6,6,6,-65,6,11,8,0,2,0,16,0,0,-21,0,0,0,0,0,0,0,0,0,-18,0,8,14,0,0,-27,-18,-18,-37,-33,0,0,0,0,0,0,0,0,0,0,0,0,7,0,168,160,201,201,201,201,201,201,201,201,201,225,216,244,218,164,201,178,241,208,218,232,224,216,221,210,221,235,233,232,214,198,194,187,293,293,273,271,264,248,364,364,12839,12839,12839,12839,12840,12841,12841,12841,12845,12845,12845,12846,12849,12849,12850,12849]} 1. e4 c6 2. d4 d5 3. e5 Bf5 4. Nf3 e6 5. Be2 c5 6. Be3 cxd4 7. Nxd4 Ne7 8. Bb5+ {B12: Caro-Kann: Advance Variation} Nbc6 9. O-O a6 10. Bxc6+ bxc6 (10... Nxc6 11. Nxf5 exf5 12. c3 Be7 13. Nd2 Nxe5 14. Bd4 f6 15. Re1 Nc6 16. Nf3 Qd7 17. Bb6 O-O 18. c4 Bd8 19. Bc5 Be7 20. Bb6 {½-½ (20) Anand,V (2779)-Mamedyarov,S (2768) Doha 2016}) 11. c4 dxc4 12. Qa4 Bd3 {LiveBook: 4 Games} 13. Rc1 $146 (13. Rd1 $1 $16) ({Predecessor:} 13. Rd1 Qd7 14. Na3 c5 15. Ndb5 Nd5 16. Nc7+ Nxc7 17. Qxd7+ Kxd7 18. Nxc4 {½-½ (67) Sethuraman,S (2624)-Donchenko,A (2511) Caleta 2015}) 13... Qd7 $11 14. Nd2 c5 15. Qxd7+ Kxd7 16. N4f3 Nd5 17. Nxc4 Be7 18. b3 Nxe3 19. Nxe3 {Black must now prevent Rd1.} (19. fxe3 $5 {[%cal Rc1d1]} Kc6 20. Nd6 $11) 19... Rhd8 20. Nd2 Rab8 21. Ndc4 Kc7 22. Rc3 Rd4 23. Rac1 Rbd8 24. h3 R8d7 25. a3 (25. Nd6 $5 Bxd6 26. exd6+ Kxd6 27. Rxc5 $11) 25... f6 (25... Bxc4 $5 26. Nxc4 f5 $11) 26. exf6 gxf6 27. Nb2 Bb5 28. b4 Rd2 29. Rb3 f5 30. a4 Bc6 31. Nec4 Re2 {Strongly threatening ...Bg5.} 32. Kf1 $36 {[%mdl 2048] Black is under pressure.} Re4 {aiming for ...Bg5.} 33. b5 axb5 34. axb5 Bd5 35. f3 Rd4 36. Ra3 Bb7 37. Re1 Bd5 $2 (37... Bh4 $11 38. Rea1 Bf6) 38. Ne5 $18 {And now Ra7+ would win.} Rd6 39. Ra7+ Bb7 40. Nbc4 Kb8 41. Nxd6 Bxd6 (41... Kxa7 42. Nxb7 Kxb7 43. Nc6) 42. Raa1 Bxe5 43. Rxe5 {[%mdl 4096] Endgame KRR-KRB} Bd5 44. Ree1 $1 Kb7 45. Ra6 Rd2 {[#]} 46. Rea1 $1 c4 (46... h5 {keeps fighting.} 47. Ra7+ Kb6) 47. R6a2 Rd3 48. Ra3 Rd2 {[#]} 49. R1a2 $1 {[%cal Ra2d2]} Rd1+ 50. Ke2 Rb1 51. Ra7+ Kb6 52. Rxh7 Kxb5 {intending ...c3.} 53. Rh8 {Rb8+ is the strong threat.} Kc5 54. Rd2 Ra1 (54... Bb7 {is a better defense.} 55. Rh7 Bd5 56. Rc7+ Kb6) 55. Rc8+ Kb4 56. Rb8+ Kc5 57. Ke3 Ra3+ (57... Kd6 $142 58. Rc2 Ke5) 58. Kf4 Rb3 $2 (58... Ra7 59. Ke5 Ra5) 59. Rxb3 {White is clearly winning.} cxb3 {KR-KB} 60. h4 {[%cal Bh3h4,Bh4h5][%mdl 32]} Kc4 61. h5 Kc3 62. Rf2 e5+ 63. Kxe5 Bg8 64. f4 b2 {[#]} 65. Rxb2 $1 {[%mdl 512] Rb8 would kill now.} Kxb2 66. Kf6 {Precision: White = 80%, Black = 54%.} 1-0

[Event "36th Zalakaros Festival 2017"]
[Site "Zalakaros"]
[Date "2017.05.26"]
[Round "9"]
[White "Ikeda, Junta"]
[Black "Havanecz, Bianka"]
[Result "1/2-1/2"]
[WhiteElo "2412"]
[BlackElo "2210"]
[Annotator "TA"]
[PlyCount "135"]
[EventDate "2017.??.??"]
[EventType "swiss"]
[EventCountry "HUN"]
[SourceTitle "playchess.com"]
[Source "ChessBase"]
[SourceQuality "1"]

{[%evp 13,135,-5,2,-35,19,0,0,-2,48,56,43,-5,56,47,38,12,31,13,26,31,35,33,35,31,40,27,44,30,142,74,104,79,90,59,66,37,43,43,56,43,106,70,76,95,102,26,222,90,277,256,239,67,83,67,92,-55,-77,-58,-51,-87,-52,-66,152,154,162,160,169,162,148,156,125,78,85,83,306,281,536,609,803,790,815,815,864,587,1358,1285,1182,973,762,8,72,8,8,8,680,0,0,0,0,0,0,0,0,0,0,0,0,0,0,0,0,0,0,0,0,0,0,0,0,0,0,0,0,0]} 1. Nf3 d5 2. g3 g6 3. c4 c6 4. Bg2 Bg7 5. O-O Nf6 6. Qc2 O-O 7. b3 d4 {LiveBook: 4 Games. A11: English Opening: 1...c6} (7... Bf5 8. d3 Qc8 9. Re1 Bh3 10. Bb2 Bxg2 11. Kxg2 dxc4 12. dxc4 c5 13. e4 Nc6 14. e5 Nb4 15. Qe2 Nh5 16. a3 Nc6 17. Nc3 f5 18. h3 b6 19. Rad1 {½-½ (19) Tazbir,M (2521)-Markos,J (2572) Slovakia 2016}) 8. d3 Nfd7 $146 (8... c5 $15) ({Predecessor:} 8... c5 9. b4 cxb4 10. a3 b3 11. Qxb3 Nc6 12. Nbd2 Nd7 13. a4 b6 14. Ba3 Rb8 15. Rfb1 Bb7 16. Qc2 Na5 17. Nb3 Nxb3 18. Rxb3 {1-0 (51) Abel,D (2427)-Gasthofer,A (2456) Germany 2012}) 9. Bb2 e5 10. e3 Nc5 11. exd4 exd4 12. Ba3 (12. b4 $5 {[%cal Rb4c5]} Ne6 13. Nbd2 $14) 12... Nba6 (12... Qa5 $11) 13. b4 $1 $14 {[%cal Rb4c5]} Ne6 14. b5 Nac5 15. bxc6 bxc6 16. Nfd2 $36 {[%mdl 2048] White is pushing.} Qb6 17. Nb3 Rd8 18. N1d2 {Threatens to win with Nxc5.} Bf8 19. Rab1 (19. Rfb1 {with more complications.} Qa6 20. Bc1 Re8 21. Nf3 Bg7 22. Bd2) 19... Qa6 20. Bxc5 Bxc5 (20... Nxc5 $11 {keeps the balance.} 21. Nxc5 Bxc5) 21. Nf3 (21. f4 $142 $1) 21... Bf8 $16 22. Ne5 {[%cal Bf3e5,Be5g4,Bg4f6][%mdl 32]} Bd7 23. Rfe1 Be8 24. f4 Rab8 25. Qf2 Ng7 $1 26. Ng4 {And now Nf6+ would win.} (26. Nxd4 $2 Rxb1 27. Rxb1 Bc5 $19) 26... Nf5 (26... Kh8 $14) 27. Nf6+ Kh8 28. g4 Ne3 29. g5 (29. f5 $16) 29... h5 $2 (29... c5 $11 {and Black is okay.}) 30. Be4 (30. Bf3 $1 $18) 30... Bg7 $2 (30... Qc8 $16 {might work better.}) 31. f5 $1 $18 Qc8 32. Kh1 $2 (32. fxg6 $18 fxg6 33. Nxd4 $1 {[%mdl 512]}) 32... c5 $14 33. fxg6 fxg6 34. Rxe3 (34. Qf4 $16) 34... dxe3 $15 35. Qxe3 Bc6 36. Rf1 Qc7 37. Kg1 Rxb3 $2 (37... Qe5 $15 {keeps the upper hand.}) 38. axb3 $16 Qe5 39. Qf4 $1 {[%cal Rf4e5]} Qd4+ 40. Rf2 Bxe4 41. dxe4 Qd1+ 42. Kg2 Qxb3 43. Qc7 Rf8 $2 (43... Qd1 $16 {was necessary.}) 44. Qxc5 $18 a5 $2 (44... Rd8 45. Qc7 (45. Qxa7 h4 $16) 45... Rf8) 45. e5 {[%cal Be4e5,Be5e6][%mdl 32]} Qd1 46. Qd5 Qe1 47. e6 a4 48. c5 {[%cal Bc4c5,Bc5c6][%mdl 32]} a3 {If only Black now had time for ...h4....} 49. c6 h4 50. Qd4 h3+ {[#]} 51. Kxh3 $2 (51. Kg3 $1 $18 {Threatening mate with Qh4+.} Bxf6 52. gxf6 Qxe6 53. c7) 51... Qxe6+ $11 52. Qg4 ({Better is} 52. Kg3 $16 {White threatens Qh4+ and mate.} Qb3+ 53. Rf3 (53. Kg2 Bxf6 54. Rxf6 Rxf6 $16) 53... Qb8+ 54. Kg2 Bxf6 55. Rxf6 Rxf6 56. Qxf6+ (56. gxf6 Qb2+ 57. Qxb2 axb2 $16) 56... Kg8 57. Qxg6+ Kh8 58. Qf6+ Kg8 59. Qe6+ Kf8 60. Qf5+ Kg8 61. Qd5+ Kg7 62. Qd4+ Kf7 63. Qd5+ Kg7 64. Qd4+ Kf7 65. Qc4+ Kg6 66. Qd3+ Kxg5 67. Qxa3) 52... Qxg4+ 53. Kxg4 {[%mdl 4096] Endgame KRB-KRN} Rc8 $2 {[%mdl 8192] [#]} (53... Ra8 $11 54. c7 Rc8) 54. Rf3 $2 (54. Rd2 $1 $18 Bxf6 55. gxf6) 54... Bxf6 $1 {The position is equal.} 55. gxf6 {KR-KR} Kg8 56. Rxa3 Rxc6 57. Kg5 Rc2 58. Ra8+ Kf7 59. Ra7+ (59. h3 $5 {[%cal Ra8a7]}) 59... Kf8 60. h4 Rg2+ 61. Kf4 Rg1 62. Rg7 Rf1+ 63. Kg5 (63. Ke5 $5 {[%cal Rg7g6]}) 63... Rg1+ 64. Kh6 {Strongly threatening h5.} Rg4 65. Rxg6 Rxh4+ 66. Kg5 Rh1 67. Kf5 Rf1+ 68. Kg5 {Precision: White = 45%, Black = 41%.} 1/2-1/2

[Event "36th Zalakaros Festival 2017"]
[Site "Zalakaros"]
[Date "2017.05.26"]
[Round "9"]
[White "Manea, Alexandru"]
[Black "Cebalo, Miso"]
[Result "1-0"]
[WhiteElo "2410"]
[BlackElo "2320"]
[Annotator "TA"]
[PlyCount "59"]
[EventDate "2017.??.??"]
[EventType "swiss"]
[EventCountry "HUN"]
[SourceTitle "playchess.com"]
[Source "ChessBase"]
[SourceQuality "1"]

{[%evp 28,58,72,60,72,66,146,149,187,185,195,193,200,208,178,175,154,161,407,406,408,285,238,13,13,7,29983,0,0,0,0,0,29999]} 1. Nf3 c5 2. c4 g6 3. d4 cxd4 4. Nxd4 Nc6 5. e4 Nf6 6. Nc3 Nxd4 7. Qxd4 d6 8. Be2 Bg7 9. Be3 O-O 10. Qd2 a5 {[%cal Ba7a5,Ba5a4][%mdl 32] B36: Sicilian: Maroczy Bind: Gurgenidze System} (10... Qa5 11. f3 Be6 12. Rc1 Rfc8 13. b3 a6 14. Na4 Qxd2+ 15. Kxd2 Rc6 16. g4 Kf8 17. Nb6 Rb8 18. Nd5 Rcc8 19. Nf4 Bd7 20. g5 Ng8 21. Nd5 e6 {½-½ (65) Giri,A (2785)-Zvjaginsev,V (2661) Sochi 2017}) 11. O-O a4 12. Rad1 Qa5 13. Bd4 Be6 14. f4 {[%cal Bf2f4,Bf4f5][%mdl 32]} Rfc8 15. b3 $1 {LiveBook: 22 Games} axb3 16. axb3 b5 (16... Qb4 $14) 17. f5 $16 b4 18. fxe6 bxc3 19. exf7+ ({Inferior is} 19. Qxc3 fxe6 20. e5 dxe5 $14) 19... Kxf7 20. Bxc3 Qb6+ $146 21. Bd4 Qxb3 22. Rb1 Ra2 $2 (22... Qa2 23. Qd3 Qa6) 23. Qg5 $1 $18 ({Stronger than} 23. Rxb3 Rxd2 24. Bd3 Kg8 $11) 23... Qc2 24. Qd5+ Ke8 25. Bxf6 $2 (25. Qe6 $18 {White wants to mate with Rb7.} Qxe2 26. Qxc8+ Kf7 27. Qh3 Qxe4 28. Bb2) 25... Qxe2 $11 {[%csl Ga2][%cal Re2g2]} 26. Qb5+ $40 {[%mdl 128] White is up to no good.} Kd8 $2 {[%mdl 8192] [#]} (26... Kf8 $11 27. Bb2+ Bf6) 27. Qb6+ $2 (27. Bxe7+ $1 {[%mdl 512] mates} Kxe7 {[#]} 28. Rf7+ $3 {[%mdl 512]} Kxf7 29. Qd7+ Kg8 30. Qe6+ Kf8 31. Qxd6+ Ke8 32. Qe6+ Kd8 33. Qg8+ Kc7 34. Qxg7+ Kd6 35. Qd4+ Kc7 36. Qc5+ Kd8 37. Qf8+ Kc7 38. Qe7+ Kc6 39. Qb7+ Kd6 40. Qd5+ Ke7 41. Rb7+ Rc7 42. Rxc7+ Kf8 43. Qf7#) 27... Kd7 {[%csl Ga2][%cal Re2g2]} (27... Ke8 $5 28. Qb5+ $8 Kf8 29. Bb2+ Bf6 $14) 28. Qb5+ Rc6 {[%csl Ga2][%cal Re2g2]} 29. Qb7+ Ke6 $2 {[%mdl 8192]} (29... Rc7 $11 30. Qb5+ Rc6 31. Qb7+ Rc7 32. Qb5+ Rc6) 30. Qxe7# {Precision: White = 51%, Black = 18%.} 1-0

[Event "36th Zalakaros Festival 2017"]
[Site "Zalakaros"]
[Date "2017.05.26"]
[Round "9"]
[White "Cuhendi, Sean Winshand"]
[Black "Praggnanandhaa R"]
[Result "1/2-1/2"]
[WhiteElo "2407"]
[BlackElo "2471"]
[Annotator "TA"]
[PlyCount "105"]
[EventDate "2017.??.??"]
[EventType "swiss"]
[EventCountry "HUN"]
[SourceTitle "playchess.com"]
[Source "ChessBase"]
[SourceQuality "1"]

{[%evp 17,105,0,56,38,78,73,79,77,79,75,89,79,123,108,116,114,112,104,114,105,101,120,147,70,166,132,147,29,50,14,124,10,13,12,20,-87,-64,-93,79,70,74,79,79,29,35,0,0,0,0,0,64,42,43,43,47,60,102,60,102,74,96,81,126,129,130,131,158,43,56,46,57,50,39,0,20,17,38,27,47,13,16,22,25,17,77,0,0,0,0,0]} 1. e4 e5 2. Nf3 Nc6 3. Bc4 Nf6 4. d3 Bc5 5. O-O d6 6. c3 a6 7. h3 {C54: Giuoco Piano: 4 c3 Nf6, main lines with 5 d4 and 5 d3} (7. Re1 O-O 8. h3 Ba7 9. Bb3 Re8 10. Nbd2 Be6 11. Bc2 h6 12. Nf1 d5 13. exd5 Bxd5 14. Ng3 Qd7 15. Be3 Bxe3 16. Rxe3 Re7 17. Nh4 g6 18. c4 Be6 19. Qf3 Kg7 {½-½ (27) Giri,A (2785)-Nakamura,H (2786) Moscow 2017}) 7... Ba7 8. Bb3 h6 9. Be3 g5 {LiveBook: 4 Games} (9... Bxe3 $11 10. fxe3 Be6) 10. Bxa7 Rxa7 $146 ({Predecessor:} 10... Nxa7 11. d4 Qe7 12. Nbd2 g4 13. hxg4 Nxg4 14. dxe5 dxe5 {0-1 (42) Khamrakulov,I (2604)-Vallejo Pons,F (2660) Pamplona 2007}) 11. Nbd2 g4 12. hxg4 Bxg4 13. Qe1 Rg8 14. Qe3 Qd7 15. Qxh6 Bxf3 16. Nxf3 Qg4 {[%csl Gg8][%cal Rg4g2]} 17. Nh4 Nh5 18. Bd1 $1 {[%cal Rd1g4]} Qxh4 19. Qxh5 Qf6 {[#]} 20. Qf5 (20. f4 $1 $16 {[%mdl 512]}) 20... Qh4 (20... Qxf5 $14 21. exf5 Ke7) 21. Qc8+ Nd8 22. g3 ({But not} 22. Qxc7 $2 Qh3 $19) (22. Re1 $1 $16) 22... Ra8 $1 $11 {[%cal Ra8c8]} 23. Qf5 Qh6 (23... Rg5 $1 $11) 24. Bb3 (24. Kg2 $16) 24... Rg5 $1 {[%cal Rg5f5]} ({Avoid the trap} 24... Rh8 $2 25. Kg2 $18) 25. Qf3 {next Kg2 is good for White.} Rh5 $1 {With the idea ...Ne6.} 26. Qg2 (26. Rfd1 $11 {remains equal.}) 26... Ne6 $17 27. f4 {Bd1 is the strong threat.} Ke7 $2 {[#]} (27... Rh3 $1 $17 {keeps the pressure on. White must now prevent ...Kd7.} 28. fxe5 dxe5 29. Bxe6 fxe6) 28. Bd1 $1 $16 {[%cal Rd1h5]} exf4 29. Bxh5 Qxh5 30. gxf4 (30. Qh2 $5 {[%cal Rh2h5]} Qb5 31. Rf3 $16 (31. gxf4 Rg8+ 32. Kh1 Qxd3 $11)) 30... Qh4 $1 31. Rf3 {Hoping for f5.} (31. Qh2 $5 {[%cal Rh2h4]} Rg8+ 32. Kh1 $16) 31... Rh8 $1 32. Raf1 {aiming for R1f2.} Kf8 33. f5 Nd4 (33... Nc5 $11 34. Rf4 Qh6) 34. Rf4 Ne2+ 35. Qxe2 Rg8+ 36. Qg2 $1 Rxg2+ 37. Kxg2 $14 {[%mdl 4096] Endgame KQ-KRR} Qg5+ 38. Kf3 Qh5+ 39. Ke3 Qh2 40. R4f2 Qh6+ 41. Ke2 Ke7 42. d4 (42. Kd1 $16) 42... Kf6 $1 43. Kd3 Qh3+ 44. Kd2 Qh6+ $1 45. Kd3 {Threatens to win with Re1.} Qh3+ $1 46. Rf3 Qg2 47. R1f2 Qg1 48. Re2 {And now Kc2 would win.} Qd1+ 49. Ke3 c5 $1 50. Rff2 Qc1+ {[#]} (50... cxd4+ $11 {keeps the balance.} 51. cxd4 Qc1+ 52. Rd2 Qg1) 51. Kf3 ({White should play} 51. Rd2 $1 $16) 51... cxd4 $11 52. cxd4 Qc4 53. Ke3 {Precision: White = 35%, Black = 56%.} 1/2-1/2

[Event "36th Zalakaros Festival 2017"]
[Site "Zalakaros"]
[Date "2017.05.26"]
[Round "9"]
[White "Havasi, Gergo"]
[Black "Pacan-Milej, Kosma"]
[Result "0-1"]
[WhiteElo "2402"]
[BlackElo "2317"]
[Annotator "NA"]
[PlyCount "96"]
[EventDate "2017.??.??"]
[EventType "swiss"]
[EventCountry "HUN"]
[SourceTitle "playchess.com"]
[Source "ChessBase"]
[SourceQuality "1"]
[TimeControl "40/5400+30:1800+30"]

1. e4 {[%emt 0:02:35]} c5 {[%emt 0:00:42]} 2. Nf3 {[%emt 0:00:23]} d6 {[%emt 0:00:07]} 3. d4 {[%emt 0:03:25]} Nf6 {[%emt 0:00:38]} 4. Nc3 {[%emt 0:00:18]} cxd4 {[%emt 0:00:06]} 5. Nxd4 {[%emt 0:00:09]} a6 {[%emt 0:00:07]} 6. h3 {[%emt 0:00:10]} g6 {[%emt 0:00:05]} 7. g4 {[%emt 0:04:30]} Bg7 {[%emt 0:00:06]} 8. Bg2 {[%emt 0:00:48]} h5 {[%emt 0:00:09]} 9. g5 {[%emt 0:03:00]} Nfd7 {[%emt 0:00:20]} 10. Be3 {[%emt 0:01:12]} O-O {[%emt 0:01:18]} 11. Qd2 {[%emt 0:15:07]} Nc6 {[%emt 0:00:48]} 12. O-O-O {[%emt 0:00:08]} Nb6 {[%emt 0:01:14]} 13. b3 {[%emt 0:01:05]} a5 {[%emt 0:02:07]} 14. a4 {[%emt 0:08:03]} Bd7 {[%emt 0:06:15]} 15. Kb1 {[%emt 0:07:39]} Rc8 {[%emt 0:04:56]} 16. Ndb5 {[%emt 0:08:12]} Nb4 {[%emt 0:09:48]} 17. Rc1 {[%emt 0:03:34]} Na8 {[%emt 0:23:11]} 18. Bd4 {[%emt 0:15:05]} Bxd4 {[%emt 0:01:45]} 19. Nxd4 {[%emt 0:00:33]} Qb6 {[%emt 0:06:52]} 20. f4 {[%emt 0:09:57]} Qc5 {[%emt 0:03:01]} 21. Kb2 {[%emt 0:07:28]} Nc7 {[%emt 0:01:20]} 22. h4 {[%emt 0:05:17]} b5 {[%emt 0:12:33]} 23. Bh3 {[%emt 0:00:01]} e6 {[%emt 0:01:15]} 24. Ra1 {[%emt 0:02:39]} bxa4 {[%emt 0:07:09]} 25. Rxa4 {[%emt 0:00:32]} Na8 {[%emt 0:04:34]} 26. Ra3 {[%emt 0:00:33]} Nb6 {[%emt 0:00:29]} 27. f5 {[%emt 0:00:30]} e5 {[%emt 0:06:57]} 28. Nf3 {[%emt 0:00:35]} gxf5 {[%emt 0:03:21]} 29. g6 {[%emt 0:00:26]} fxg6 {[%emt 0:00:41]} 30. Rg1 {[%emt 0:00:11]} Kg7 {[%emt 0:00:29]} 31. exf5 {[%emt 0:00:44]} Bxf5 {[%emt 0:00:25]} 32. Bxf5 {[%emt 0:00:30]} Rxf5 {[%emt 0:00:06]} 33. Rg3 {[%emt 0:00:28]} d5 {[%emt 0:01:40]} 34. Ng5 {[%emt 0:00:16]} Rc6 {[%emt 0:00:25]} 35. Rg2 {[%emt 0:00:35]} Rf4 {[%emt 0:00:58]} 36. Ra1 {[%emt 0:00:38]} d4 {[%emt 0:01:32]} 37. Nce4 {[%emt 0:00:13]} Qd5 {[%emt 0:00:10]} 38. Qe1 {[%emt 0:00:43]} d3 {[%emt 0:01:05]} 39. c3 {[%emt 0:00:36]} Nc2 {[%emt 0:00:20]} 40. Rxc2 {[%emt 0:00:00]} dxc2 {[%emt 0:00:07]} 41. Kxc2 {[%emt 0:01:53]} a4 {[%emt 0:01:38]} 42. bxa4 {[%emt 0:00:35]} Rc4 {[%emt 0:06:31]} 43. Nd2 {[%emt 0:06:33]} Rxa4 {[%emt 0:00:58]} 44. Rxa4 {[%emt 0:00:40]} Rxa4 {[%emt 0:01:22]} 45. Nge4 {[%emt 0:01:03]} Nc4 {[%emt 0:01:02]} 46. Qf2 {[%emt 0:01:03]} Ra2+ {[%emt 0:01:45]} 47. Kc1 {[%emt 0:00:11]} Ra1+ {[%emt 0:00:21]} 48. Kc2 {[%emt 0:00:02]} Na3+ {[%emt 0:00:11]} 0-1

[Event "36th Zalakaros Festival 2017"]
[Site "Zalakaros"]
[Date "2017.05.26"]
[Round "9"]
[White "Almasi, Istvan"]
[Black "Frolov, Artur"]
[Result "1-0"]
[WhiteElo "2398"]
[BlackElo "2410"]
[Annotator "TA"]
[PlyCount "135"]
[EventDate "2017.??.??"]
[EventType "swiss"]
[EventCountry "HUN"]
[SourceTitle "playchess.com"]
[Source "ChessBase"]
[SourceQuality "1"]

{[%evp 25,135,42,81,50,47,56,60,56,76,60,54,43,45,-16,-15,-15,-15,-15,-15,-15,-19,-19,-19,-14,-20,-20,-20,-20,-19,-19,-16,-138,-124,-260,-262,-661,-662,-604,-145,-224,-148,-137,0,0,0,0,109,0,0,0,221,229,318,273,266,254,283,222,275,219,219,219,219,219,217,217,214,206,226,211,233,232,229,229,244,247,252,257,272,264,268,254,273,272,291,279,280,254,260,252,29970,29973,29973,29974,29972,2121,29976,29977,29977,29978,29978,29979,29979,29980,29980,29981,29981,29979,29983,29984,29988,29985]} 1. c4 Nf6 2. g3 g6 3. Bg2 Bg7 4. Nc3 O-O 5. d4 c6 6. e4 d6 7. Nge2 e5 8. O-O Nbd7 9. h3 Re8 10. Be3 exd4 11. Nxd4 Nc5 12. Qc2 a5 13. Rad1 Qc7 14. Ndb5 {E69: King's Indian: Fianchetto: 6...Nbd7 7 0-0 e5 8 e4 c6 9 h3} (14. Rfe1 Be6 15. b3 Rad8 16. f4 Bc8 17. Bf2 Nfd7 18. Kh2 Nf8 19. Nde2 b6 20. Nd4 Nfe6 21. Nf3 Nf8 22. Bd4 f6 {½-½ (60) Nikolic,P (2603)-Kunin,V (2556) Berlin 2015}) 14... cxb5 15. Nxb5 Qe7 {[%cal Rc5e4]} 16. Nxd6 {White is slightly better.} Ncd7 17. f4 $146 {[%cal Bf2f4,Bf4f5,Bf5g6,Bg6h7][%mdl 32]} ({Predecessor:} 17. Nxe8 Nxe8 18. f4 Nc5 19. Kh2 Na6 20. e5 Be6 21. Qe4 Bc8 {0-1 (51) Jovanovic,D (2272)-Kostic,N (2198) Kragujevac 2010}) 17... Rd8 18. e5 Ne8 $1 19. Nxf7 ({But not} 19. Bxb7 Bxb7 20. Nxb7 Rdb8 $11) (19. c5 $14) 19... Kxf7 $11 ({Not} 19... Qxf7 $2 20. Bd5 $18) 20. Bd5+ Kf8 21. f5 $1 {[%cal Rf5g6]} Nxe5 22. fxg6+ Nf6 {[%cal Be8f6,Bf6h7,Bh7g5][%mdl 32]} 23. gxh7 Bxh3 {[#]} 24. Bh6 $1 {[%cal Rh7h8][%mdl 512]} Ke8 (24... Bxh6 25. h8=Q#) 25. Bxg7 $1 Qxg7 26. Qh2 $1 {[%cal Rh2h3]} Nxh7 27. Qxh3 {Black must now prevent Rf5.} Rd7 $1 28. Be4 (28. Qh5+ $11 Kd8 29. Bxb7 Qxg3+ 30. Kh1) 28... Rxd1 $17 29. Rxd1 (29. Qe6+ $17 Qe7 30. Qg8+ Nf8 31. Rxd1) 29... Ng5 $19 30. Qh5+ $2 (30. Qf5 Nxe4 31. Qe6+ Kf8 32. Rf1+ Nf7 33. Qxe4) 30... Ke7 31. Bg2 Rd8 $2 (31... Rf8 $19 {is more deadly.} 32. Rf1 Rh8) 32. Re1 (32. Rxd8 $17 Kxd8 33. Qd1+ Ke7 34. Qd5) 32... Rd2 {Strongly threatening ...Kd8.} 33. Qg4 {White wants to play Qf4.} Kd8 (33... Rd6 $17 34. Qf4 Re6) 34. Qf4 $11 {[#]} Nef3+ $1 {[%mdl 512]} 35. Kf1 {Hoping for Qb8+.} (35. Bxf3 Nh3+) 35... Nh2+ 36. Kg1 {Threatening mate with Qb8+.} Nhf3+ $1 37. Kf1 {aiming for Qb8+.} Nxe1 $2 (37... Nh2+ $11 {and Black stays safe.} 38. Kg1 Nhf3+) 38. Qxd2+ $18 Kc7 39. Qxe1 ({Don't play} 39. Kxe1 Qe5+ 40. Kf2 b6 $18) 39... b6 40. Qe3 Qg6 41. Qf4+ Kd7 {and the idea ...Qb1+ leaves Black hopeful.} 42. Kg1 Qb1+ 43. Kh2 $1 Qh7+ 44. Qh4 Qg7 45. b3 Qe5 46. Qh6 Ne6 47. Qd2+ Ke7 48. Bd5 Nd4 49. Kg2 Nf5 50. Qg5+ Kd7 51. Kh3 Qh8+ 52. Kg4 Ne7 53. Qd2 Qg7+ 54. Kh3 Qh8+ 55. Kg2 Qe5 56. Bf3+ Ke8 57. Qh6 Qxg3+ $2 (57... Qb2+ $18 58. Kh3 Qd4) 58. Kxg3 Nf5+ 59. Kf4 Nxh6 {[%mdl 4096] Endgame KB-KN} 60. Bd5 Ke7 {[#]} 61. Kg5 $1 {[%cal Rg5h6] White mates.} Nf7+ {[#]} 62. Bxf7 $1 Kxf7 {K3P-KPP} 63. Kf5 Ke7 64. Ke5 Kd7 65. Kd5 Kc7 66. c5 {[%cal Bc4c5,Bc5c6][%mdl 32]} Kb7 67. c6+ Kc7 68. a3 {Precision: White = 67%, Black = 47%.} 1-0

[Event "36th Zalakaros Festival 2017"]
[Site "Zalakaros"]
[Date "2017.05.26"]
[Round "9"]
[White "Hnydiuk, Aleksander"]
[Black "Jarmula, Lukasz"]
[Result "1-0"]
[WhiteElo "2390"]
[BlackElo "2469"]
[Annotator "TA"]
[PlyCount "109"]
[EventDate "2017.??.??"]
[EventType "swiss"]
[EventCountry "HUN"]
[SourceTitle "playchess.com"]
[Source "ChessBase"]
[SourceQuality "1"]

{[%evp 11,109,31,56,38,27,13,7,14,33,9,18,12,22,14,14,24,68,20,11,0,0,0,0,0,0,0,84,78,95,90,136,110,183,149,181,174,195,147,150,125,171,103,118,133,177,165,159,154,180,181,208,161,170,144,214,204,193,77,111,113,127,122,244,250,241,248,216,212,207,210,359,403,389,377,351,288,268,257,349,314,300,200,373,317,480,426,656,637,1145,1123,1412,1127,1094,647,532,522,29961,29958,29972,29973]} 1. Nf3 c5 2. c4 Nc6 3. d4 cxd4 4. Nxd4 g6 5. e4 Bg7 6. Be3 Qb6 {[%cal Rc6d4]} 7. Nb5 {B38: Sicilian: Maroczy Bind with 5...Bg7 and 7...0-0} (7. Nb3 $5 {[%cal Re3b6]} Qd8 8. Nc3 $14) (7. Nb3 Qd8 8. Qd2 Nf6 9. f3 a5 10. Be2 O-O 11. O-O d6 12. Nc3 a4 13. Nd4 Nxd4 14. Bxd4 Be6 {0-1 (35) Karjakin,S (2785)-Mamedov,R (2688) Doha 2016}) 7... Qa5+ 8. Bd2 Qd8 $1 9. N1c3 {The position is equal.} Nf6 10. Nd5 {Black must now prevent Ndc7+.} O-O 11. Nxf6+ Bxf6 12. Bc3 Bxc3+ 13. Nxc3 e5 $146 ({Predecessor:} 13... d6 14. Be2 e5 {0-1 (56) Kharlamov,V (2350)-Utemov,V (2425) Moscow 1991}) 14. Qd2 d6 15. O-O-O Be6 16. Kb1 Nd4 17. Ne2 Nc6 18. Nc3 a6 (18... Nd4 $11 {keeps the balance.}) 19. Qxd6 $16 Qb6 20. Qd2 $1 Rfd8 21. Nd5 Bxd5 (21... Qa5 $16) 22. cxd5 Nd4 23. Bd3 a5 24. Rc1 a4 25. Rc4 Qa7 26. Qb4 (26. f4 $18) 26... b5 27. Rc3 Qd7 28. f3 Rf8 29. Rhc1 Qd8 30. f4 $1 {[%cal Rf4e5]} Qf6 31. fxe5 Qxe5 32. Rc7 Rfe8 (32... a3 $16 33. bxa3 Ra4) 33. d6 $18 Ne6 34. Rb7 (34. Qxb5 Qxd6 35. e5 Qxc7 $14) (34. Bxb5 Reb8 $15) (34. Re7 $1 $18 Red8 35. d7 (35. Bxb5 Rab8 $11)) 34... Rec8 35. Rxc8+ (35. Rxb5 Rxc1+ 36. Kxc1 Rc8+ 37. Kb1 Qxh2 $17) 35... Rxc8 36. d7 $36 {[%mdl 2048] Black is under strong pressure.} (36. Bxb5 Qxh2 37. Qe1 Qxd6 $11) 36... Ra8 (36... Rd8 $16) 37. Rxb5 Qxh2 {[#]} 38. a3 $1 {Strongly threatening Bc4.} Rd8 {[#]} 39. Bc4 $1 {[%cal Rc4e6]} ({Resist} 39. Qxa4 $6 Rxd7 40. Bc4 Re7 $16) 39... Nf8 40. Rb7 ({Don't play} 40. Qxa4 $6 Qxg2 41. Ka2 h5 $16) 40... Qe5 (40... Rxd7 $142 41. Rb8 Qd6) 41. Bb5 Ne6 42. Bxa4 Nd4 43. Bc2 Nxc2 44. Kxc2 {[%mdl 4096] Endgame KQR-KQR} h5 {Black hopes to continue with ...Qe6.} 45. Kb1 Qe6 46. a4 {[%cal Ba3a4,Ba4a5][%mdl 32]} Kh7 $2 (46... Rxd7 47. Rxd7 Qxd7) 47. a5 h4 (47... Qc6 $142 48. Ra7 Rxd7 49. Rxd7 Qxd7) 48. e5 {[%cal Be4e5,Be5e6][%mdl 32]} g5 (48... Qxe5 $142 49. Qxh4+ Kg7) 49. Qe4+ Kg7 50. Rb6 Qxd7 51. Rd6 Qe7 52. Qd4 Ra8 53. e6+ Kh7 54. Qe4+ Kh6 55. Rb6 {Precision: White = 73%, Black = 36%.} 1-0